|
|
|
|
| LEADER |
00000cam a2200000 a 4500 |
| 001 |
71939 |
| 003 |
Ucuenca |
| 005 |
20230308165809.0 |
| 008 |
000000|1935 sp |||||r|||||||||||spa|| |
| 040 |
|
|
|b spa
|
| 041 |
1 |
|
|a spa
|
| 082 |
0 |
|
|a 532
|
| 100 |
1 |
|
|9 37712
|a Forchheimer, Philipp
|
| 245 |
|
|
|a Tratado de hidráulica
|c Philipp Forchheimer, traducido por Manuel Lucini
|h imp
|
| 250 |
|
|
|a 3a ed.
|
| 264 |
|
|
|a Barcelona
|b Labor
|c 1935
|
| 300 |
|
|
|a xiv, 628 p
|b tab
|c 23 cm
|
| 500 |
|
|
|a Incluye 393 fig. y numerosos gráficos
|
| 504 |
|
|
|a incl. ref.
|
| 650 |
|
0 |
|a Hidrología
|9 19624
|
| 650 |
|
0 |
|a Hidrostatica
|9 12780
|
| 650 |
|
0 |
|a Vertederos
|9 36000
|
| 650 |
|
0 |
|a Embalse
|9 3426
|
| 852 |
|
|
|a UC-CDJBV
|f Compra
|l 1
|m General
|p 00000000
|r 2
|t 71939
|b 0
|d CDRC
|e CDRC
|g 532 SEGUNDO PISO
|z 0000-00-00
|
| 942 |
|
|
|c BK
|2 ddc
|z jenny.perez@ucuenca.edu.ec
|
| 999 |
|
|
|c 29971
|d 29971
|